تاريخ الفن : (رقم التسجيلة. 51395)

تفاصيل مارك
000 -LEADER
fixed length control field 00501nam a22001577a 4500
005 - DATE AND TIME OF LATEST TRANSACTION
control field 20251108170904.0
008 - FIXED-LENGTH DATA ELEMENTS--GENERAL INFORMATION
fixed length control field 250721s1995 xx 000 0 ara d
082 14 - DEWEY DECIMAL CLASSIFICATION NUMBER
Classification number 709/إبر
100 1# - MAIN ENTRY--PERSONAL NAME
Personal name البعلبكي، إبراهيم
245 10 - TITLE STATEMENT
Title تاريخ الفن :
Remainder of title وجوده - الفن و اللغه - النحت البارز /
264 1# - PRODUCTION, PUBLICATION, DISTRIBUTION, MANUFACTURE, AND COPYRIGHT NOTICE
Place of production, publication, distribution, manufacture بيروت :
Name of producer, publisher, distributor, manufacturer دار الصداقة العربية،
Date of production, publication, distribution, manufacture, or copyright notice 1995.
300 ## - PHYSICAL DESCRIPTION
Extent 217ص.
650 17 - SUBJECT ADDED ENTRY--TOPICAL TERM
Topical term or geographic name as entry element تاريخ الفن
942 ## - ADDED ENTRY ELEMENTS (KOHA)
Source of classification or shelving scheme Dewey Decimal Classification
Koha item type كتب
المقتنيات
حالة السحب حالة الفقدان مصدر التصنيف حالة التلف غير قابل للإعارة المكتبة الرئيسية المكتبة الحالية موقع الرف تاريخ التزويد الرقم المتسلسل Total Checkouts رقم الإستدعاء الباركود تاريخ آخر ظهور تاريخ الفاتورة نوع المادة (كوها)
    Dewey Decimal Classification     مكتبة أبو علندا العامة مكتبة أبو علندا العامة الإعارة 06/07/2004 277   709/إبر DUP-01_277 28/07/2025 06/07/2004 كتب
    Dewey Decimal Classification     مكتبة النصر العامة مكتبة النصر العامة الإعارة 27/03/2015 [ 8762 ]   709/إبر PLD00379890 28/07/2025 27/03/2015 كتب
    Dewey Decimal Classification     مكتبة صويلح العامة مكتبة صويلح العامة الإعارة 24/06/2019 012918   709/إبر PLD00454897 28/07/2025 24/06/2019 كتب
Implemented & Customized by: BBB with SCIT (Smart Chains for Information Technology)

Powered by Koha